000 00301nam a22001337a 4500
008 170301b xxu||||| |||| 00| 0 eng d
020 _a9780780806689
041 _aeng
080 _22nd
_a616.8-006
100 _a6
101 _ashm
245 _aBREAST CANCER SOURCEBOOK
_cJUDD, S.J
942 _2udc
_cBK
999 _c6467
_d6467